[Event "AUT-chT2O 2122"]
[Site "Austria"]
[Date "2022.03.13"]
[Round "9.3"]
[White "Lammer, Stefan"]
[Black "Newrkla, Katharina"]
[Result "1/2-1/2"]
[WhiteElo "2131"]
[BlackElo "2239"]
[PlyCount "104"]
[EventDate "2021.10.16"]
[EventType "team-tourn"]
[EventRounds "11"]
[EventCountry "AUT"]
[SourceTitle "EXT 2023"]
[Source "ChessBase"]
[SourceDate "2022.10.05"]
[SourceVersion "1"]
[SourceVersionDate "2022.10.05"]
[SourceQuality "1"]
[WhiteTeam "Poechlarn"]
[BlackTeam "Wien Austria"]
[WhiteTeamCountry "AUT"]
[BlackTeamCountry "AUT"]

1. e4 c5 2. Nf3 d6 3. d4 cxd4 4. Nxd4 Nf6 5. Nc3 a6 6. Bd3 g6 7. 0-0 Bg7 8. h3 0-0 9. Be3 Nc6 10. Kh1 d5 11. exd5 Nxd5 12. Nxc6 bxc6 13. Bd2 Nxc3 14. Bxc3 Bxc3 15. bxc3 Qd5 16. Kg1 Be6 17. Qe2 a5 18. Qe3 Qd6 19. a3 Rfd8 20. Rfd1 Qc7 21. Be2 Bf5 22. Bd3 Bxd3 23. cxd3 Rab8 24. Rdb1 Qd6 25. d4 e6 26. Qg5 Qd5 27. Qe7 Re8 28. Qc7 Rbc8 29. Qf4 e5 30. dxe5 Qxe5 31. Qc4 Qe4 32. Qxe4 Rxe4 33. Rb7 Rd8 34. Rab1 Rd5 35. Rc7 Rc4 36. Rbb7 Rf5 37. Rb6 c5 38. Ra6 Rxc3 39. Rxa5 Rc1+ 40. Kh2 Rc2 41. f4 g5 42. Kg3 h5 43. fxg5 Rxg5+ 44. Kf4 Rgxg2 45. Rcxc5 Rgf2+ 46. Kg5 Rxc5+ 47. Rxc5 Rf3 48. Kh6 Kf8 49. a4 Rxh3 50. Rxh5 Rxh5+ 51. Kxh5 Ke7 52. Kg5 Kd7 1/2-1/2

[Event "AUT-chT2O 1617"]
[Site "Austria"]
[Date "2016.10.15"]
[Round "1.5"]
[White "Miazhynski, Yuri"]
[Black "Lammer, Stefan"]
[Result "1/2-1/2"]
[WhiteElo "2059"]
[BlackElo "2070"]
[PlyCount "60"]
[EventDate "2016.10.15"]
[EventType "team-tourn"]
[EventRounds "11"]
[EventCountry "AUT"]
[SourceTitle "EXT 2017"]
[Source "ChessBase"]
[SourceDate "2016.10.25"]
[SourceVersion "1"]
[SourceVersionDate "2016.10.25"]
[SourceQuality "1"]
[WhiteTeam "Favoriten"]
[BlackTeam "Poechlarn"]
[WhiteTeamCountry "AUT"]
[BlackTeamCountry "AUT"]

1. e4 e5 2. Nc3 Nf6 3. f4 d6 4. Nf3 Be7 5. d4 exd4 6. Nxd4 0-0 7. Bd3 Nbd7 8. Nb3 Re8 9. 0-0 c5 10. a4 Qc7 11. Nd2 a6 12. Kh1 b6 13. Nd5 Qc6 14. c4 Bb7 15. b3 Qc8 16. Ra2 Nxd5 17. cxd5 f5 18. e5 g6 19. Bc4 b5 20. axb5 axb5 21. Rxa8 Qxa8 22. Bxb5 Rd8 23. exd6 Bf6 24. Nc4 Bxd5 25. Qd2 Qb7 26. Rd1 Bd4 27. Bxd7 Rxd7 28. Bb2 Bxc4 29. Bxd4 Rxd6 30. bxc4 Rxd4 1/2-1/2

[Event "AUT-chT2O 1516"]
[Site "Austria"]
[Date "2016.04.10"]
[Round "11.6"]
[White "Lammer, Stefan"]
[Black "Schmidrathner, Christian"]
[Result "1-0"]
[WhiteElo "2073"]
[BlackElo "2078"]
[PlyCount "67"]
[EventDate "2015.10.17"]
[EventType "team-tourn"]
[EventRounds "11"]
[EventCountry "AUT"]
[SourceTitle "EXT 2017"]
[Source "ChessBase"]
[SourceDate "2016.10.25"]
[SourceVersion "1"]
[SourceVersionDate "2016.10.25"]
[SourceQuality "1"]
[WhiteTeam "Poechlarn"]
[BlackTeam "Pressbaum"]
[WhiteTeamCountry "AUT"]
[BlackTeamCountry "AUT"]

1. e4 c5 2. d4 cxd4 3. c3 Nf6 4. e5 Nd5 5. Nf3 Nc6 6. cxd4 d6 7. Bc4 Nb6 8. Bb3 e6 9. Qe2 Be7 10. 0-0 0-0 11. Nc3 a6 12. Re1 dxe5 13. dxe5 Qc7 14. Bg5 Nd4 15. Nxd4 Bxg5 16. Bc2 g6 17. Ne4 Bf4 18. Nf6+ Kg7 19. Nh5+ gxh5 20. Qxh5 f5 21. exf6+ Kh8 22. Bb3 Rxf6 23. Qe8+ Kg7 24. Bxe6 Bxh2+ 25. Kh1 Bd6 26. Qg8+ Kh6 27. Qg4 Qg7 28. Qh4+ Kg6 29. Qe4+ Kh6 30. Re3 Rf4 31. Nf5+ Kg6 32. Qd3 Qf6 33. Nxd6+ Kg7 34. Ne8+ 1-0

[Event "AUT-chT2O 1516"]
[Site "Austria"]
[Date "2015.11.29"]
[Round "4.5"]
[White "Rogetzer, Klaus"]
[Black "Lammer, Stefan"]
[Result "1-0"]
[WhiteElo "2084"]
[BlackElo "2073"]
[PlyCount "59"]
[EventDate "2015.10.17"]
[EventType "team-tourn"]
[EventRounds "11"]
[EventCountry "AUT"]
[SourceTitle "EXT 2017"]
[Source "ChessBase"]
[SourceDate "2016.10.25"]
[SourceVersion "1"]
[SourceVersionDate "2016.10.25"]
[SourceQuality "1"]
[WhiteTeam "Austria"]
[BlackTeam "Poechlarn"]
[WhiteTeamCountry "AUT"]
[BlackTeamCountry "AUT"]

1. d4 d5 2. c4 c6 3. Nf3 e6 4. g3 Nf6 5. Bg2 Nbd7 6. 0-0 Bd6 7. Qc2 0-0 8. b3 Qe7 9. Bb2 e5 10. dxe5 Nxe5 11. cxd5 Nxd5 12. Nc3 Nf6 13. Rad1 Bg4 14. Nd4 Ba3 15. Ba1 Rad8 16. Ne4 Nd5 17. h3 Bc8 18. f4 Ne3 19. Qb1 Ng6 20. f5 Nxf1 21. Rxf1 Ne5 22. f6 Qc7 23. fxg7 Kxg7 24. Nf6 Rh8 25. Nf3 Bd6 26. Qe4 Rde8 27. Nxe8+ Rxe8 28. Qf4 f6 29. Nh4 Ng4 30. Qg5+ 1-0

[Event "Latschach op 26th"]
[Site "Latschach"]
[Date "2010.08.15"]
[Round "3"]
[White "Schnider, Gert"]
[Black "Lammer, Stefan"]
[Result "1-0"]
[WhiteElo "2338"]
[BlackElo "2133"]
[PlyCount "51"]
[EventDate "2010.08.14"]
[EventType "swiss"]
[EventRounds "9"]
[EventCountry "AUT"]
[SourceTitle "CBM 138 Extra"]
[Source "ChessBase"]
[SourceDate "2010.10.29"]
[SourceVersion "1"]
[SourceVersionDate "2010.10.29"]
[SourceQuality "1"]

1. e4 e5 2. Nf3 Nc6 3. Bb5 a6 4. Ba4 Nf6 5. 0-0 Be7 6. Re1 b5 7. Bb3 0-0 8. d4 Nxd4 9. Bxf7+ Rxf7 10. Nxe5 Ne6 11. Nxf7 Kxf7 12. e5 Bb7 13. exf6 Bxf6 14. Nc3 Kg8 15. Be3 d5 16. Qg4 Qd6 17. Rad1 Rf8 18. Ne4 Qc6 19. Nxf6+ Rxf6 20. Bd4 Rg6 21. Qf5 Qd6 22. Bc5 Qxc5 23. Rxe6 Rxg2+ 24. Kh1 g6 25. Re8+ Kg7 26. Qe5+ 1-0